| 000 | 00604nam a22001577a 4500 | ||
|---|---|---|---|
| 003 | OSt | ||
| 005 | 20150912152842.0 | ||
| 008 | 150912b xxu||||| |||| 00| 0 eng d | ||
| 040 | _cRUA | ||
| 082 | _aAGR TAT 1997 B018 Or.1 | ||
| 100 |
_9343 _aTATH, SOK |
||
| 245 | _aThe first preparetion and processing of latex at krek rubber plantation comany ការរៀបចំទឹកជ័រដំបូងនិងការកែច្នៃនៅក្រុមហ៊ុនចំការកៅស៊ូក្រែក | ||
| 260 |
_aPhnom Penh _bRUA _c1997 |
||
| 300 |
_a73p. _bill. _c29cm. |
||
| 942 |
_2ddc _cAGR |
||
| 999 |
_c322 _d322 |
||